Random Words in German - Statistics

General Stats
  • This quiz has been taken 105 times
  • The average score is 8 of 18
Answer Stats
Hint Answer % Correct
ihr her
78%
Ostern Easter
74%
Tisch table
68%
gelb yellow
62%
Erdbeere strawberry
61%
stark strong
60%
stehen stand
58%
weil because
55%
Bein leg
55%
Laden shop
35%
dürfen may
29%
Quelle source
28%
weiblich feminine
26%
Stockwerk floor
19%
obwohl though
16%
Gasse alley
13%
Kiefer pine
11%
vernachlässigen neglect
9%
No matching quizzes found
Score Distribution
Percent of People with Each Score
Percentile by Number Answered
Your Score History
You have not taken this quiz